[Event "POL-chT"]
[Site "Warsaw"]
[Date "2012.05.05"]
[Round "2.5"]
[White "Navara, David"]
[Black "Bartel, Mateusz"]
[Result "1/2-1/2"]
[WhiteElo "2706"]
[BlackElo "2677"]
[PlyCount "90"]
[EventDate "2012.05.04"]
[EventType "team-tourn"]
[EventRounds "9"]
[EventCountry "POL"]
[SourceTitle "CBM 148 Extra"]
[Source "ChessBase"]
[SourceDate "2012.06.22"]
[SourceVersion "1"]
[SourceVersionDate "2012.06.22"]
[SourceQuality "1"]
[WhiteTeam "Katowice Szopienice"]
[BlackTeam "Wroclaw Polonia"]
[WhiteTeamCountry "POL"]
[BlackTeamCountry "POL"]

1. d4 d5 2. c4 e6 3. Nf3 c6 4. Qc2 dxc4 5. Qxc4 Nf6 6. Bg5 b5 7. Qc2 Bb7 8. Nbd2 Nbd7 9. e4 h6 10. Bxf6 Qxf6 11. Bd3 e5 12. O-O Bb4 $146 ({RR} 12... Bd6 13. a4 bxa4 14. Nc4 O-O 15. Nxd6 Qxd6 16. Rxa4 exd4 17. Rxd4 Qe7 {½-½ (17) Tunik,G (2451)-Popov,V (2559) Togliatti 2001}) 13. Nb3 O-O 14. a3 Be7 15. Na5 Rab8 16. Nxb7 Rxb7 17. dxe5 Nxe5 18. Nxe5 Qxe5 19. Qxc6 Rb6 20. Qc2 Rd8 21. Qb3 Bc5 22. Rac1 Bd4 23. Rc2 Bxb2 24. Rxb2 Rxd3 25. Qxd3 Qxb2 26. Qd8+ Kh7 27. Qe7 a5 28. Qa7 Rg6 29. Qxa5 Qe2 30. g3 Rf6 31. Qe1 Qf3 32. e5 Rf5 33. Qb1 h5 34. h4 g5 35. hxg5 h4 36. Qd1 hxg3 37. Qxf3 Rxf3 38. fxg3 Rxg3+ 39. Kh2 Rxa3 40. Rxf7+ Kg6 41. Rb7 Kxg5 42. Rxb5 Kf5 43. Kg2 Re3 44. Kf2 Rxe5 45. Rxe5+ Kxe5 1/2-1/2

[Event "Titled Tue 21st Feb Late"]
[Site "chess.com INT"]
[Date "2023.02.21"]
[Round "9"]
[White "Andreikin, D."]
[Black "Fedoseev, Vl3"]
[Result "1/2-1/2"]
[WhiteElo "2729"]
[BlackElo "2674"]
[PlyCount "88"]
[EventDate "2023.02.21"]

1. Nf3 d5 2. e3 Nf6 3. c4 e6 4. d4 c5 5. cxd5 exd5 6. Bb5+ Nc6 7. O-O Bd6 8. dxc5 Bxc5 9. Qc2 Qd6 10. b3 Bg4 11. Nbd2 O-O 12. Bxc6 bxc6 13. Bb2 Bb6 14. Ne5 $146 ({RR} 14. Ng5 Bh5 15. Rac1 Rac8 16. Bxf6 Bg6 17. Nge4 dxe4 18. Bh4 Bc7 19. Bg3 Qd5 20. Nb1 Bxg3 21. hxg3 Qe5 22. Qc5 Qxc5 23. Rxc5 Rfd8 24. Rfc1 f6 25. g4 Rd6 26. Kh2 Kf8 27. R1c2 Bf7 28. Nc3 Re8 {Davi,A (2197)-Mina,M (1995) Torino 2015 1-0 (53)}) 14... Rac8 15. Nxg4 Nxg4 16. Nf3 Rfe8 17. Qf5 Qg6 18. Qxg6 hxg6 19. h3 Nf6 20. Rac1 Ne4 21. Rc2 f6 22. Rd1 Kf7 23. Bd4 c5 24. Bb2 Red8 25. Kf1 a5 26. Ke2 a4 27. Nd2 axb3 28. axb3 Nd6 29. Nb1 Nf5 30. Nc3 d4 31. Na4 Ba7 32. exd4 cxd4 33. Rxc8 Rxc8 34. Rc1 Rxc1 35. Bxc1 Ke6 36. Nb2 Kd5 37. Nd3 g5 38. Ba3 Bb8 39. Bf8 Bd6 40. Bxd6 Nxd6 41. Nb4+ Kc5 42. Nd3+ Kd5 43. Nb4+ Kc5 44. Nd3+ Kd5 1/2-1/2

[Event "FRA-ch 87th"]
[Site "Pau"]
[Date "2012.08.18"]
[Round "6"]
[White "Fressinet, Laurent"]
[Black "Edouard, Romain"]
[Result "1/2-1/2"]
[WhiteElo "2714"]
[BlackElo "2652"]
[PlyCount "88"]
[EventDate "2012.08.13"]
[EventType "tourn"]
[EventRounds "11"]
[EventCountry "FRA"]
[EventCategory "15"]
[SourceTitle "CBM 150"]
[Source "ChessBase"]
[SourceDate "2012.09.14"]
[SourceVersion "1"]
[SourceVersionDate "2012.09.14"]
[SourceQuality "1"]

1. Nf3 ({RR} 1. d4 Nf6 2. Nf3 e6 3. e3 c5 4. c4 {½-½ (20) Hebden,M (2469)-Quillan,G (2350) Leamington Spa 2022}) ({RR} 1. d4 Nf6 2. Nf3 e6 3. e3 c5 4. c4 {½-½ (20) Hebden,M (2469)-Quillan,G (2350) Leamington Spa 2022}) 1... d5 2. d4 Nf6 3. c4 e6 4. e3 c5 5. cxd5 exd5 6. Bb5+ Bd7 7. Bxd7+ Nbxd7 8. dxc5 Nxc5 9. O-O Be7 10. Bd2 O-O 11. Bc3 Qd7 12. Bd4 Rac8 13. Nc3 Rfd8 14. Rc1 a6 15. h3 Nfe4 16. Qe2 Ne6 17. Qd3 Nxd4 18. Nxd4 Nxc3 19. Rxc3 Rxc3 20. Qxc3 Bf6 $146 21. Rc1 h6 22. b3 Qe7 23. Qc7 Rd7 24. Qf4 Qe4 25. Ne2 Be5 26. Qg4 Qxg4 27. hxg4 Kf8 28. Kf1 Ke7 29. Rd1 Ke6 30. Ke1 Rc7 31. Kd2 Rc5 32. Kd3 Ra5 33. Rd2 Rc5 34. a4 Rc6 35. Rd1 Rb6 36. Rb1 Rc6 37. f3 Kd6 38. Nd4 Bxd4 39. exd4 Rc7 40. Re1 Re7 41. Rc1 Rc7 42. Re1 Re7 43. Rc1 Rc7 44. Re1 Re7 1/2-1/2

[Event "Bundesliga 2022-23"]
[Site "Muelheim GER"]
[Date "2022.11.27"]
[Round "4.4"]
[White "Tari, A."]
[Black "Indjic, A."]
[Result "1/2-1/2"]
[WhiteElo "2656"]
[BlackElo "2630"]
[PlyCount "88"]
[EventDate "2022.10.22"]
[WhiteTeam "SG Solingen"]
[BlackTeam "Muenchener Schachclub 1836"]

1. d4 d5 2. c4 e6 3. Nf3 Nf6 4. g3 Bb4+ 5. Bd2 a5 6. Qa4+ Bd7 7. Qc2 dxc4 8. Qxc4 Bc6 9. Bg2 Bd5 10. Qd3 Be4 11. Qe3 Nc6 12. O-O Bxf3 $146 ({RR} 12... O-O 13. Bc3 Ne7 14. Qc1 Rc8 15. Nbd2 Bxf3 16. Nxf3 Bxc3 17. bxc3 c5 18. Qb2 Ned5 19. Rfc1 Qb6 20. Qxb6 Nxb6 21. Ne5 cxd4 22. cxd4 Nfd5 23. Rcb1 Nc4 24. Nxc4 Rxc4 25. Bxd5 exd5 26. e3 Rb8 27. Rb5 {Maurizzi,M (2601)-Edouard,R (2536) L'Alpe d'Huez FRA 2024 ½-½ (69)}) 13. Bxf3 Nxd4 14. Bxb7 Rb8 15. Bxb4 axb4 16. Bg2 O-O 17. Qd3 b3 18. Na3 bxa2 19. Rxa2 Nb3 20. Qc2 c5 21. e3 Qa5 22. Rd1 h5 23. Bf1 Ng4 24. Bc4 Rfd8 25. Bxb3 Rxd1+ 26. Qxd1 Rxb3 27. h3 Nxe3 28. fxe3 Rxe3 29. Kf2 Re5 30. Ra1 Qb4 31. Qd8+ Kh7 32. Qd3+ Rf5+ 33. Kg1 Qxb2 34. Rf1 Qd4+ 35. Qxd4 Rxf1+ 36. Kxf1 cxd4 37. Ke2 Kg6 38. Kd3 h4 39. g4 f5 40. gxf5+ Kxf5 41. Kxd4 Kf4 42. Nc4 Kg3 43. Ke3 Kxh3 44. Kf3 Kh2 1/2-1/2

[Event "GRENKE Chess Classic 2024"]
[Site "Karlsruhe GER"]
[Date "2024.03.31"]
[Round "9.3"]
[White "Rapport, R."]
[Black "Vachier Lagrave, M."]
[Result "1/2-1/2"]
[WhiteElo "2720"]
[BlackElo "2728"]
[PlyCount "88"]
[EventDate "2024.03.26"]

1. d4 Nf6 2. c4 e6 3. Nf3 d5 4. Bg5 h6 5. Bxf6 Qxf6 6. Nc3 Bb4 7. e3 O-O 8. Rc1 c6 9. Bd3 Nd7 10. O-O Qe7 11. a3 Bd6 12. c5 Bc7 13. e4 dxe4 14. Bxe4 e5 15. Re1 $146 ({RR} 15. Bb1 exd4 16. Re1 Qxc5 17. Qd3 g6 18. Ba2 Ne5 19. Nxe5 Bxe5 20. Qxg6+ Bg7 21. Ne4 Qf5 22. Qg3 Qg4 23. Qc7 Bf5 24. h3 Qg6 25. Nd6 d3 26. Rcd1 Qf6 27. Nxf5 Qxf5 28. Re3 Rad8 29. Rf3 Rd7 {Savchenko,S (2590)-Landa,K (2515) Kazan 1995 ½-½}) 15... Qd8 16. Bb1 exd4 17. Qd3 g6 18. Ba2 Kh7 19. Qxd4 Ne5 20. Qxd8 Nxf3+ 21. gxf3 Bxd8 22. Ne4 Bh3 23. Nd6 Bg5 24. Rcd1 Kg7 25. f4 Bxf4 26. Re7 b6 27. Rd3 Bxd6 28. cxd6 Bf5 29. Rc3 c5 30. b4 Rad8 31. bxc5 bxc5 32. Rxc5 Rxd6 33. Rcc7 Kf6 34. Rxf7+ Rxf7 35. Rxf7+ Kg5 36. Rxa7 Be4 37. Bb3 Rc6 38. Rd7 Bf3 39. h3 h5 40. Kh2 Rc1 41. Bd5 Rd1 42. Be6 Ra1 43. Bd5 Rd1 44. Be6 Ra1 1/2-1/2

[Event "FIDE World Cup"]
[Site "Khanty-Mansiysk"]
[Date "2009.11.23"]
[Round "1.13"]
[White "Akobian, Varuzhan"]
[Black "Tregubov, Pavel V"]
[Result "0-1"]
[WhiteElo "2624"]
[BlackElo "2642"]
[PlyCount "87"]
[EventDate "2009.11.21"]
[EventType "k.o."]
[EventRounds "7"]
[EventCountry "RUS"]
[SourceTitle "CBM 134"]
[Source "ChessBase"]
[SourceDate "2010.01.18"]
[SourceVersion "1"]
[SourceVersionDate "2010.01.18"]
[SourceQuality "1"]

1. d4 d5 2. c4 e6 3. Nf3 c6 4. Nbd2 Nf6 5. g3 c5 6. cxd5 exd5 7. Bg2 Nbd7 8. dxc5 Nxc5 9. O-O Be7 10. b3 O-O 11. Bb2 Re8 $146 ({RR} 11... Bf5 12. Nd4 Bg6 13. Rc1 a6 14. N2f3 Be4 15. Bh3 Re8 16. Nd2 Bg6 17. Nf5 Bf8 18. Nf3 Ne6 19. N5h4 Bh5 20. Bxf6 gxf6 21. Nf5 Bg6 22. Qd2 Ng5 23. Nxg5 fxg5 24. Nd4 Bg7 25. e3 Qb6 26. Nf5 {Akobian,V (2624)-Tregubov,P (2642) Khanty-Mansiysk 2009 1-0 (52)}) 12. Rc1 Bf8 13. Nd4 Bg4 14. N2f3 Rc8 15. Rc2 Qb6 16. Qa1 Nce4 17. Rfc1 Rxc2 18. Rxc2 Bc5 19. e3 h6 20. Qc1 a6 21. h3 Bd7 22. Nd2 Bd6 23. N2f3 Nc5 24. Qd1 Nce4 25. g4 Bb8 26. Nf5 Bxf5 27. gxf5 Qd6 28. Qc1 Qd7 29. Nd4 Kh7 30. Qd1 Qd6 31. Nf3 Ng5 32. Nxg5+ hxg5 33. Bxf6 gxf6 34. Qxd5 Qh2+ 35. Kf1 Kg7 36. Qxb7 Rd8 37. Qf3 Qe5 38. Rc1 Rd2 39. Rd1 Rxa2 40. h4 Ra1 41. hxg5 fxg5 42. f6+ Kg8 43. Kg1 Rxd1+ 44. Qxd1 0-1

[Event "57th Biel GM2 Qual 2024"]
[Site "Biel SUI"]
[Date "2024.07.16"]
[Round "1.1"]
[White "Salem, AR."]
[Black "Maurizzi, Marc'Andria"]
[Result "1-0"]
[WhiteElo "2638"]
[BlackElo "2620"]
[PlyCount "85"]
[EventDate "2024.07.16"]

1. d4 d5 2. c4 e6 3. Nf3 a6 4. Nbd2 Nf6 5. g3 c5 6. Bg2 Nc6 7. cxd5 exd5 8. O-O Be7 9. dxc5 Bxc5 10. Nb3 Ba7 11. Bd2 $146 ({RR} 11. Nfd4 O-O 12. Be3 Ne5 13. Nc2 Bb8 14. Bc5 Re8 15. Ne3 Be6 16. Nd4 Qd7 17. Qb3 Bd6 18. Rfc1 Nc4 19. Bxd6 Nxe3 20. Qxe3 Qxd6 21. Qb3 Qd7 22. Qb6 Rac8 23. Nb3 Bh3 24. Rxc8 Qxc8 25. Rc1 Qd7 {Rios,C (2460)-Figueredo Losada,L (2342) Merida MEX 2022 1-0 (58)}) 11... O-O 12. Bc3 Ne4 13. e3 Re8 14. Nfd4 Qg5 15. Qc2 Bd7 16. Nxc6 bxc6 17. Bd4 Bxd4 18. exd4 h5 19. Rfe1 h4 20. f3 Nd6 21. Qf2 hxg3 22. hxg3 Bf5 23. Nc5 Bg6 24. Bh3 Bf5 25. Bf1 a5 26. Re5 Qg6 27. Rae1 f6 28. R5e3 Rxe3 29. Rxe3 Re8 30. g4 Bb1 31. a4 Qh6 32. Rxe8+ Nxe8 33. Qe1 Bg6 34. Bd3 Nc7 35. Kg2 Bxd3 36. Nxd3 Qg6 37. Nf4 Qh6 38. Kg3 g5 39. Nh5 Qf8 40. Kg2 Qb4 41. Nxf6+ Kf7 42. Qxb4 axb4 43. Nd7 1-0

[Event "Esports World Cup 2025"]
[Site "Riyadh KSA"]
[Date "2025.07.31"]
[Round "2.1"]
[White "Nakamura, Hi"]
[Black "Carlsen, M."]
[Result "1/2-1/2"]
[WhiteElo "2807"]
[BlackElo "2839"]
[PlyCount "86"]
[EventDate "2025.07.31"]
[EventType "k.o."]

1. d4 d5 2. c4 e6 3. g3 dxc4 4. Bg2 c5 5. Qa4+ Bd7 6. Qxc4 Bc6 7. Bxc6+ Nxc6 8. dxc5 Qd4 $146 ({RR} 8... Qa5+ 9. Nc3 Qxc5 10. Qxc5 Bxc5 11. Nf3 Nf6 12. O-O O-O 13. Bg5 Nd4 14. Nxd4 Bxd4 15. Bd2 Rac8 16. Rfd1 a6 17. Rac1 Rc6 18. e3 Be5 19. f4 Bxc3 20. Rxc3 Rd6 21. Kf1 Ne4 22. Rc2 Rfd8 23. Ke2 {Wanyama,H (2238)-Eljanov,P (2697) chess.com INT 2023 0-1}) 9. Qb3 Qb4+ 10. Nd2 Bxc5 11. Ngf3 Nf6 12. Qc2 O-O 13. a3 Nd4 14. Qd3 Nxf3+ 15. Qxf3 Qb5 16. O-O Rfd8 17. b4 Be7 18. Nb3 Qd5 19. Qxd5 Nxd5 20. Bb2 Rac8 21. Rfc1 f6 22. Na5 Rxc1+ 23. Rxc1 Rd7 24. Rc8+ Kf7 25. Rb8 b6 26. Nc6 a6 27. e4 Nc7 28. Rxb6 e5 29. Rb7 Rd1+ 30. Kg2 Bd6 31. Na5 Ke6 32. Nc4 Kd7 33. a4 Kc8 34. Rb6 Be7 35. b5 axb5 36. axb5 Rd3 37. Rc6 Kd7 38. Nb6+ Kd8 39. Bc3 Bd6 40. Nd5 Kd7 41. Nb6+ Kd8 42. Nd5 Kd7 43. Nb6+ Kd8 1/2-1/2

[Event "Titled Tue 29th Aug Early"]
[Site "chess.com INT"]
[Date "2023.08.29"]
[Round "9"]
[White "Andreikin, D."]
[Black "Tabatabaei, M."]
[Result "0-1"]
[WhiteElo "2729"]
[BlackElo "2696"]
[PlyCount "86"]
[EventDate "2023.08.29"]

1. d4 Nf6 2. c4 e6 3. Nf3 d5 4. Bg5 h6 5. Bxf6 Qxf6 6. e3 c6 7. Nbd2 Nd7 8. Bd3 g6 9. O-O Bg7 10. e4 O-O 11. e5 Qe7 12. c5 b6 $146 ({RR} 12... f6 13. exf6 Qxf6 14. Re1 g5 15. h3 Re8 16. Ne5 Nxe5 17. Rxe5 Qf4 18. Nf3 Bd7 19. Bc2 Re7 20. Qd3 Bxe5 21. Nxe5 Be8 22. Re1 Rg7 23. Re3 Qf6 24. Ng4 Qe7 25. Nxh6+ Kh8 26. Qe2 Qf8 27. Rxe6 {Andreikin,D (2729)-Droin,A (2468) chess.com INT 2023 1-0 (44)}) 13. b4 a5 14. a3 g5 15. h3 f6 16. exf6 Qxf6 17. Re1 axb4 18. axb4 Rxa1 19. Qxa1 bxc5 20. bxc5 Nxc5 21. Bc2 h5 22. Qa8 g4 23. hxg4 hxg4 24. dxc5 gxf3 25. Nxf3 Qc3 26. Re2 Qxc5 27. Qb8 e5 28. Nxe5 Bg4 29. Qxf8+ Bxf8 30. Nxg4 Qd4 31. Ne5 Bd6 32. Nf3 Qc3 33. Bf5 d4 34. Re1 c5 35. Rd1 Bf8 36. Be4 Bg7 37. g3 c4 38. Bd5+ Kf8 39. Nd2 Qc2 40. Bf3 d3 41. Ne4 c3 42. Kg2 Qxd1 43. Bxd1 c2 0-1

[Event "Olympiad-37"]
[Site "Turin"]
[Date "2006.06.03"]
[Round "12"]
[White "Eljanov, Pavel"]
[Black "Van Wely, Loek"]
[Result "1/2-1/2"]
[WhiteElo "2665"]
[BlackElo "2655"]
[PlyCount "86"]
[EventDate "2006.05.21"]
[EventType "team-swiss"]
[EventRounds "13"]
[EventCountry "ITA"]
[SourceTitle "CBM 113"]
[Source "ChessBase"]
[SourceDate "2006.07.31"]
[SourceVersion "1"]
[SourceVersionDate "2006.07.31"]
[SourceQuality "1"]
[WhiteTeam "Ukraine"]
[BlackTeam "Netherlands"]
[WhiteTeamCountry "UKR"]
[BlackTeamCountry "NED"]

1. d4 Nf6 2. c4 e6 3. Nf3 d5 4. Bg5 h6 5. Bxf6 Qxf6 6. e3 g6 7. Nbd2 Bg7 8. b4 O-O 9. Be2 Qe7 10. Qb3 $146 ({RR} 10. Rb1 Nd7 11. cxd5 exd5 12. O-O c6 13. Qc2 a5 14. a3 axb4 15. axb4 Nf6 16. Bd3 Be6 17. b5 Rfc8 18. bxc6 bxc6 19. Rfc1 Nd7 20. Nb3 Bf8 21. Qd1 Qf6 22. h3 c5 23. dxc5 Nxc5 24. Nxc5 Rxc5 {Riazantsev,A (2639)-Gelfand,B (2684) Moscow 2019 ½-½ (33)}) 10... dxc4 11. Nxc4 Nd7 12. O-O b6 13. Rac1 Bb7 14. b5 Rfc8 15. Qb1 c5 16. bxc6 Bxc6 17. e4 Bf8 18. Qd3 Qd8 19. Qe3 b5 20. Ncd2 a6 21. h4 Bb7 22. h5 g5 23. e5 Rxc1 24. Rxc1 Rc8 25. Rxc8 Qxc8 26. Ne4 Be7 27. Bd3 Nb6 28. Nc5 Bxc5 29. dxc5 Nd5 30. Qd4 Nf4 31. Bf1 Bd5 32. Ne1 Nxh5 33. Nc2 Nf4 34. Ne3 Qc7 35. g3 Ng6 36. Nxd5 exd5 37. Qxd5 Nxe5 38. Qa8+ Kg7 39. Qxa6 Qxc5 40. Qxb5 Nf3+ 41. Kg2 Ne1+ 42. Kg1 Nf3+ 43. Kg2 Ne1+ 1/2-1/2

[Event "St Petersburg-Moscow m"]
[Site "St Petersburg"]
[Date "2005.05.15"]
[Round "2"]
[White "Sakaev, Konstantin"]
[Black "Kobalia, Mihail"]
[Result "1/2-1/2"]
[WhiteElo "2677"]
[BlackElo "2634"]
[PlyCount "84"]
[EventDate "2005.05.14"]
[EventType "match"]
[EventRounds "2"]
[EventCountry "RUS"]
[SourceTitle "CBM 106 Extra"]
[Source "ChessBase"]
[SourceDate "2005.07.01"]
[SourceVersion "1"]
[SourceVersionDate "2005.07.01"]
[SourceQuality "1"]

1. d4 d5 2. c4 e6 3. Nf3 c6 4. Nbd2 f5 5. g3 Nf6 6. Bg2 Nbd7 7. Ng5 Qe7 8. O-O h6 9. Ngf3 Qf7 $146 ({RR} 9... g5 10. b3 Ne4 11. Qc2 Qg7 12. Bb2 Be7 13. Ne5 Nxd2 14. Qxd2 Bf6 15. cxd5 exd5 16. Rac1 O-O 17. f4 Bd8 18. b4 {½-½ (18) Kaidanov,G (2596)-Kharlov,A (2638) Moscow 2002}) ({RR} 9... g5 10. Rb1 a5 11. Qa4 Ne4 12. Nxe4 fxe4 13. Nd2 Bg7 14. e3 g4 15. b4 b5 16. cxb5 cxb5 17. Qxb5 O-O 18. Qa4 Rf7 19. Qc6 Rb8 20. bxa5 Qd8 21. Nb3 Rf6 22. Ba3 Bb7 23. Qb5 Bc8 24. Qe2 {Studer,N (2498)-Ikeda,J (2412) Zalakaros 2017 1-0 (42)}) 10. b3 Bd6 11. Bb2 Ne4 12. Ne5 Nxe5 13. dxe5 Bc5 14. Rc1 Qe7 15. Qc2 Nxd2 16. Qxd2 Bb4 17. Qc2 Bd7 18. c5 O-O 19. a3 Ba5 20. f4 Bc7 21. e3 Be8 22. Bd4 g5 23. b4 Bd8 24. Kf2 h5 25. Rh1 h4 26. Bf3 Qh7 27. Qb2 Rf7 28. a4 a6 29. Rcg1 Rg7 30. Be2 Rc8 31. Ra1 Qg6 32. Rhg1 hxg3+ 33. hxg3 Rh7 34. Rh1 Rcc7 35. Bf3 Rcg7 36. Rxh7 Rxh7 37. Rh1 Rxh1 38. Bxh1 Qh5 39. Bf3 Qh2+ 40. Bg2 Bh5 41. a5 Bg4 42. Qc1 Bh3 1/2-1/2

[Event "FIDE Chess.com Grand Swiss"]
[Site "Douglas"]
[Date "2019.10.20"]
[Round "10"]
[White "Vitiugov, Nikita"]
[Black "Rakhmanov, Alexander"]
[Result "1-0"]
[WhiteElo "2732"]
[BlackElo "2621"]
[PlyCount "83"]
[EventDate "2019.10.10"]
[EventType "swiss"]
[EventRounds "11"]
[EventCountry "IOM"]
[SourceTitle "CBM 193"]
[Source "ChessBase"]
[SourceDate "2019.12.31"]
[SourceVersion "1"]
[SourceVersionDate "2019.12.31"]
[SourceQuality "1"]

1. d4 d5 2. c4 e6 3. Nf3 a6 4. c5 b6 5. cxb6 cxb6 6. Bf4 Bb7 7. e3 Nd7 8. Bd3 Ngf6 9. h3 $146 ({RR} 9. O-O g6 10. Nbd2 Bg7 11. Rc1 O-O 12. h3 Rc8 13. Qe2 Re8 14. a3 b5 15. Nb3 Ne4 16. Rxc8 Qxc8 17. Rc1 Qa8 18. Rc7 e5 19. dxe5 Nxe5 20. Nxe5 Bxe5 21. Bxe5 Rxe5 22. Bxe4 dxe4 23. Qc2 Re8 {Pham Le Thao Nguyen (2357)-Cardozo,C (2052) chess.com INT 2025 1-0 (31)}) 9... Bb4+ 10. Nc3 O-O 11. Qb3 Qe7 12. O-O Bd6 13. a4 Rfc8 14. Rfe1 h6 15. Rac1 Rab8 16. Rc2 Nh5 17. Bxd6 Qxd6 18. e4 dxe4 19. Bxe4 Qf8 20. Bxb7 Rxb7 21. d5 Nf4 22. dxe6 Nxe6 23. Nd5 Ndc5 24. Qc4 b5 25. axb5 axb5 26. Qg4 Rd8 27. Rd2 Nd7 28. Nh4 Ra7 29. Rxe6 fxe6 30. Qxe6+ Kh7 31. Qe4+ g6 32. Nxg6 Qg7 33. Nge7+ Kh8 34. Nf4 Qf6 35. Nh5 Qg5 36. Rd5 Qc1+ 37. Kh2 Qc7+ 38. f4 Qb6 39. Ng6+ Kg8 40. Qe7 Qxg6 41. Qxd8+ Nf8 42. Rxb5 1-0

[Event "Gashimov Memorial 5th"]
[Site "Shamkir"]
[Date "2018.04.22"]
[Round "4"]
[White "Wojtaszek, Radoslaw"]
[Black "Mamedov, Rauf"]
[Result "1/2-1/2"]
[WhiteElo "2744"]
[BlackElo "2704"]
[PlyCount "81"]
[EventDate "2018.04.19"]
[EventType "tourn"]
[EventRounds "9"]
[EventCountry "AZE"]
[EventCategory "21"]
[SourceTitle "CBM 184"]
[Source "ChessBase"]
[SourceDate "2018.05.16"]
[SourceVersion "1"]
[SourceVersionDate "2018.05.16"]
[SourceQuality "1"]

1. d4 d5 2. c4 e6 3. Nf3 c5 4. cxd5 exd5 5. g3 Nc6 6. Bg2 Nf6 7. O-O Be7 8. dxc5 Bxc5 9. Qc2 Bb6 10. Nc3 O-O 11. Bg5 Be6 12. Na4 h6 13. Nxb6 axb6 14. Bxf6 Qxf6 15. Qb3 Ra6 16. Rac1 $146 ({RR} 16. Rfd1 Rfa8 17. a3 d4 18. Qd3 Bf5 19. Qb5 d3 20. exd3 Bg4 21. Qd5 Qxb2 22. h3 Be6 23. Qe4 Rxa3 24. Rab1 Qc2 25. Nd4 Nxd4 26. Qxd4 Qc5 27. Qxc5 bxc5 28. Bxb7 Rd8 29. Bg2 {½-½ (29) Kallai,G (2400)-Fogarasi,T Balatonbereny 1986}) 16... d4 17. Qb5 Rxa2 18. Rc2 d3 19. exd3 Bg4 20. Qc4 Bxf3 21. Bxf3 Ne5 22. Qxa2 Nxf3+ 23. Kg2 Nd4 24. b4 Qf3+ 25. Kg1 Qxd3 26. Qc4 Qe4 27. Rd1 Nf3+ 28. Kh1 Nd4+ 29. Kg1 Qxc2 30. Rxd4 Qxc4 31. Rxc4 Rd8 32. Kg2 Kf8 33. h4 Rd6 34. Rc7 Rd4 35. Rxb7 Rxb4 36. h5 Rb5 37. f4 f5 38. Kf2 Rb3 39. Rd7 Rb5 40. Ke3 Rb3+ 41. Kf2 1/2-1/2

[Event "5th Prague Challengers"]
[Site "Prague CZE"]
[Date "2023.06.30"]
[Round "9.2"]
[White "L'Ami, E."]
[Black "Pechac, Jergus"]
[Result "1/2-1/2"]
[WhiteElo "2645"]
[BlackElo "2611"]
[PlyCount "82"]
[EventDate "2023.06.21"]

1. d4 d5 ({RR} 1... Nf6 2. c4 e6 3. Nf3 {½-½ (15) Sargissian,G (2711)-Anton Guijarro,D (2655) Mayrhofen 2022}) ({RR} 1... Nf6 2. c4 e6 3. Nf3 {½-½ (14) Ferreira,J (2504)-Brkic,A (2594) Bremen GER 2026}) 2. c4 e6 3. Nf3 Nf6 4. g3 Bb4+ 5. Bd2 Be7 6. Bg2 O-O 7. O-O Nbd7 8. Qc2 c6 9. Bf4 b6 10. Nbd2 Bb7 11. e4 Nh5 12. Be3 Nhf6 13. h4 dxc4 $146 ({RR} 13... dxe4 14. Nxe4 c5 15. Nxf6+ Nxf6 16. Rad1 Qc8 17. Qe2 Rd8 18. dxc5 Bxc5 19. Rxd8+ Qxd8 20. Bxc5 bxc5 21. Ne5 Bxg2 22. Kxg2 Qc7 23. Rd1 h5 24. b3 a5 25. Qf3 Rf8 26. Qf4 Qb7+ 27. Qf3 Qc7 28. Qf4 {Fier,A (2604)-Robson,R (2689) Baku AZE 2023 ½-½}) 14. e5 Nd5 15. Ng5 Bxg5 16. Bxg5 Qb8 17. Nxc4 c5 18. dxc5 h6 19. Bd2 Nxe5 20. Nxe5 Qxe5 21. b4 Rfc8 22. Rac1 a5 23. bxa5 bxc5 24. Qb3 Rab8 25. Rfe1 Qd4 26. Bc3 Nxc3 27. Bxb7 c4 28. Qb2 Qa7 29. a6 Nd5 30. Qe2 c3 31. Bxc8 Rxc8 32. Rb1 c2 33. Rbc1 Rc3 34. Kg2 Nb4 35. Qd2 Rc4 36. a3 Qa8+ 37. Kg1 Nc6 38. Qd7 Qxa6 39. Qe8+ Kh7 40. Qxf7 Nd4 41. h5 Qxa3 1/2-1/2

[Event "Gashimov Memorial 6th"]
[Site "Shamkir"]
[Date "2019.04.04"]
[Round "5"]
[White "Radjabov, Teimour"]
[Black "Karjakin, Sergey"]
[Result "1/2-1/2"]
[WhiteElo "2756"]
[BlackElo "2753"]
[PlyCount "81"]
[EventDate "2019.03.31"]
[EventType "tourn"]
[EventRounds "9"]
[EventCountry "AZE"]
[EventCategory "22"]
[SourceTitle "CBM 190"]
[Source "ChessBase"]
[SourceDate "2019.06.30"]
[SourceVersion "1"]
[SourceVersionDate "2019.06.30"]
[SourceQuality "1"]

1. Nf3 Nf6 2. c4 e6 3. g3 d5 4. Bg2 Be7 5. d4 O-O 6. O-O dxc4 7. Qc2 c6 8. Qxc4 b5 9. Qc2 Bb7 10. Bg5 Nbd7 11. Ne5 Nxe5 12. dxe5 Nd7 13. Bxe7 Qxe7 14. f4 f6 $146 ({RR} 14... a6 15. Nd2 Rac8 16. Ne4 c5 17. Nd6 Bxg2 18. Nxc8 Rxc8 19. Kxg2 c4 20. Rad1 Nc5 21. Rd6 Qb7+ 22. Kg1 Ne4 23. Rd4 Qb6 24. Qxe4 {1-0 (24) Hnydiuk,A (2364)-Silva Lucena,C (2306) chess.com INT 2023}) ({RR} 14... a6 15. Nd2 Rac8 16. Ne4 c5 17. Nd6 Bxg2 18. Nxc8 Rxc8 19. Kxg2 c4 20. Rad1 Nc5 21. Rd6 Qb7+ 22. Kg1 Ne4 23. Rd4 Qb6 24. Qxe4 {1-0 (24) Hnydiuk,A (2364)-Silva Lucena,C (2306) chess.com INT 2023}) 15. exf6 Nxf6 16. Nd2 e5 17. e3 exf4 18. exf4 Rae8 19. Rac1 Qe3+ 20. Kh1 Qb6 21. b4 Nd5 22. Nf3 Nxb4 23. Qb3+ Nd5 24. Ne5 Rd8 25. a4 bxa4 26. Qxa4 c5 27. Rb1 Qa6 28. Qxa6 Bxa6 29. Rfc1 Ne3 30. Ra1 Nxg2 31. Rxa6 Rd2 32. Nc4 Re2 33. Kg1 Ne3 34. Re6 Rg2+ 35. Kh1 Rc2 36. Rxc2 Nxc2 37. Ra6 Ra8 38. Kg2 Nd4 39. Ra5 Re8 40. Rxa7 Re2+ 41. Kh3 1/2-1/2

[Event "FIDE World Cup 2025"]
[Site "Goa IND"]
[Date "2025.11.14"]
[Round "5.1"]
[White "Erigaisi, Arjun"]
[Black "Aronian, L."]
[Result "1/2-1/2"]
[WhiteElo "2769"]
[BlackElo "2728"]
[PlyCount "82"]
[EventDate "2025.11.01"]
[EventType "k.o."]

1. d4 d5 2. c4 e6 3. Nf3 Nd7 4. Nc3 Ngf6 5. Qc2 dxc4 6. e4 Nb6 7. a4 a5 8. Be2 Bb4 9. O-O O-O 10. Be3 Bd7 11. Ne5 Qe8 12. Nxc4 $146 ({RR} 12. Bg5 Bxc3 13. Nxd7 Bxd4 14. Nxf8 Qxf8 15. Bd2 Qc5 16. Bc3 Bxc3 17. bxc3 Nc8 18. e5 Qxe5 19. Bxc4 Nd6 20. Rfe1 Qg5 21. Bf1 Nd7 22. Re3 g6 23. Rd1 Nc5 24. g3 b6 25. h4 Qf5 26. Qa2 Rd8 {Petrovskiy,V (2434)-Lou Yiping (2429) Budapest HUN 2026 ½-½ (31)}) 12... Nxc4 13. Bxc4 e5 14. f3 exd4 15. Bxd4 Be6 16. Bd3 Rd8 17. Bxf6 gxf6 18. f4 Qc6 19. e5 fxe5 20. Bxh7+ Kh8 21. Bf5 Rg8 22. Bxe6 Qxe6 23. Rae1 Qg6 24. Qxg6 Rxg6 25. Rxe5 Bxc3 26. bxc3 Rd2 27. g3 Rh6 28. h4 Rc6 29. Rxa5 Rxc3 30. Rh5+ Kg7 31. Rg5+ Kh7 32. Rf2 Rdd3 33. Kg2 f6 34. Rg4 Rc4 35. Re2 Rd7 36. Re6 Rd2+ 37. Kf3 Rd3+ 38. Ke2 Ra3 39. Re7+ Kh8 40. Re8+ Kh7 41. Re7+ Kh8 1/2-1/2

[Event "chess.com SpeedChess Q2Sw"]
[Site "chess.com INT"]
[Date "2023.08.23"]
[Round "6"]
[White "Andreikin, D."]
[Black "Svane, R."]
[Result "1/2-1/2"]
[WhiteElo "2729"]
[BlackElo "2631"]
[PlyCount "79"]
[EventDate "2023.08.23"]

1. d4 d5 2. c4 e6 3. Nf3 a6 4. cxd5 exd5 5. Nc3 Nf6 6. Bg5 Be6 7. e3 Nbd7 8. Bd3 Bd6 9. O-O c6 10. Bh4 Qc7 11. Kh1 Bg4 12. h3 Bh5 13. e4 $146 ({RR} 13. Qc2 O-O 14. Rae1 Bg6 15. Bxg6 hxg6 16. Nd2 Rfe8 17. Rc1 Rac8 18. Qd3 Qb6 19. Rc2 Re6 20. Nf3 Rce8 21. Ng5 R6e7 22. Rfc1 Qa5 23. a3 Ne4 24. Qe2 Nxg5 25. Bxg5 Re6 26. Qf3 Nf6 27. Bf4 Bxf4 {Sarana,A (2686)-Svane,R (2629) chess.com INT 2025 ½-½ (68)}) 13... dxe4 14. Nxe4 Nxe4 15. Bxe4 O-O 16. Qd3 Bg6 17. Rae1 Rfe8 18. Ng5 Nf6 19. Bxg6 hxg6 20. Ne4 Nd5 21. Bg3 Bxg3 22. fxg3 Re7 23. Nc3 Nf6 24. Rxe7 Qxe7 25. g4 Rd8 26. a3 Qd6 27. Qf3 Qxd4 28. g5 Nd5 29. Qxf7+ Kh7 30. Nxd5 Rxd5 31. Qxb7 Rxg5 32. Qxa6 Qxb2 33. Qxc6 Qxa3 34. Qe4 Qc5 35. Qa8 Rf5 36. Rd1 Qc4 37. Qb8 Rf1+ 38. Rxf1 Qxf1+ 39. Kh2 Qf6 40. Qg3 1/2-1/2